| 000 | 01493cam a2200481 a 4500 | ||
|---|---|---|---|
| 999 |
_c22845 _d22845 |
||
| 001 | vtls000578456 | ||
| 005 | 20200129125718.0 | ||
| 008 | 170223s2016 xo g nf 000 0 slo d | ||
| 020 | _a9788081004780 (brož.) | ||
| 035 | _aa000578456 | ||
| 040 |
_aSVKBB _bslo _cUKB _dSNK _eAACR2 |
||
| 041 | 1 |
_aslo _heng |
|
| 044 |
_axo _cSK |
||
| 072 | 7 |
_a159.93/.94 _xSenzorické a motorické funkcie. Emócie. Vôľa _2konspekt |
|
| 080 |
_a159.942 _22011 |
||
| 080 |
_a159.923.5 _22011 |
||
| 080 |
_a159.944 _22011 |
||
| 080 |
_a613.86 _22011 |
||
| 080 |
_a2-583 _22001 |
||
| 080 |
_a(035) _22011 |
||
| 100 | 0 |
_aOsho, _d1931-1990 _91616 |
|
| 240 | 1 | 0 |
_aEmotions. _lSlovensky |
| 245 | 1 | 0 |
_aEmócie _b[strach a úzkosť, zlosť a nenávisť, smútok, depresia, závisť, žiarlivosť, ako sa ich zbaviť? : všetky problémy si vytvárame sami!] _cOsho |
| 250 | _a1. vyd. | ||
| 260 |
_aBratislava _bEugenika _c2016 |
||
| 300 | _a117 s. | ||
| 500 | _aPrel. z angl. orig. | ||
| 650 | 0 | 7 |
_aemócie _2UKBPH _91617 |
| 650 | 0 | 7 |
_asebaovládanie _2UKBPH _91618 |
| 650 | 0 | 7 |
_apsychická odolnosť _2UKBPH _91619 |
| 650 | 0 | 7 |
_azvládanie stresu _2UKBPH _91620 |
| 650 | 0 | 7 |
_ameditácia _2UKBPH _91621 |
| 650 | 0 | 7 |
_anegatívne emócie _2UKBPH _91622 |
| 653 | _a159.942 | ||
| 653 | _a159.923.5 | ||
| 653 | _a159.944 | ||
| 653 | _a613.86 | ||
| 653 | _a2-583 | ||
| 653 | _a(035) | ||
| 655 | 7 |
_apríručky _2UKBPH _91541 |
|
| 958 | _aOP | ||